000 01077nam a22002537a 4500
003 OSt
005 20151026133603.0
008 130718s2012 sp ||||| |||| 00| 0 cat d
040 _cCDMR
100 1 _93900
_aArgemí Ballbé, Marc
_d1979-
245 1 3 _aLa credibilitat dels rumors i les notícies
_b: recerca a propòsit de la Segona Guerra Mundial
_cMarc Argemí i Ballbè ; Salvador Cardús i Ros (director) ; Santiago Ramentol i Massana (tutor)
_h[recurs electrònic]
260 _aBellaterra
_c2012
300 _a411 p.
502 _aTesi defensada el 10 d'abril de 2012,
_cUniversitat Autònoma de Barcelona. Departament de Mitjans, Comunicació i Cultura
650 0 4 _93901
_aRumor
650 0 4 _93176
_aPremsa i propaganda
650 0 4 _93587
_aGuerra Mundial II, 1939-1945
650 0 4 _92994
_aTesis i dissertacions acadèmiques
700 1 _9145
_aCardús, Salvador
700 1 _9736
_aRamentol Massana, Santiago
710 2 _93477
_aUniversitat Autònoma de Barcelona
856 4 0 _uhttp://hdl.handle.net/10803/96789
_yDisponible en línia (TDX)
942 _2udc
_cTSN-E
999 _c6604
_d6604